[Event "V Torneo Internazionale"]
[Site "Montecatini Terme ITA"]
[Date "2000.01.29"]
[Round "1"]
[White "Passerotti, Pierluigi"]
[Black "Vezzosi, Paolo"]
[Result "1/2-1/2"]
[WhiteElo "2278"]
[BlackElo "2360"]
[PlyCount "161"]
[EventDate "2000.01.29"]

1. d4 Nf6 2. Nf3 b6 3. e3 e6 4. Bd3 c5 5. O-O Be7 6. c4 Bb7 7. Nc3 cxd4 8. exd4
d5 9. cxd5 Nxd5 10. Ne5 O-O 11. Qh5 g6 12. Qf3 Bf6 13. Bh6 Bg7 14. Bxg7 Kxg7
15. Be4 Na6 16. Bxd5 Bxd5 17. Nxd5 Qxd5 18. Qxd5 exd5 19. Rac1 Rfc8 20. f3 Nb4
21. a3 Nc2 22. Rfd1 Ne3 23. Re1 Nf5 24. Nc6 Rc7 25. Rc3 a5 26. Kf2 h5 27. a4 f6
28. Rec1 Re8 29. Re1 Rec8 30. Rec1 Re8 31. Re1 Rxe1 32. Kxe1 Kf8 33. Kd2 Nh4
34. b4 axb4 35. Nxb4 Ra7 36. Ra3 Rd7 37. g3 Nf5 38. Kd3 Kf7 39. Rc3 Ne7 40. Nc6
g5 41. Kc2 Nf5 42. Kb3 g4 43. Kb4 Nd6 44. a5 bxa5+ 45. Kxa5 Nc4+ 46. Kb5 Nd2
47. fxg4 hxg4 48. Nb4 Ke6 49. Nd3 Kf5 50. Kc6 Rd8 51. Nc5 Nc4 52. Rc2 Rc8+ 53.
Kd7 Nb6+ 54. Ke7 Rc7+ 55. Kd6 Rh7 56. Rf2+ Kg6 57. Kc6 Nc4 58. Kxd5 Ne3+ 59.
Ke4 Re7+ 60. Kd3 Nd5 61. Re2 Ra7 62. Kc4 Nb6+ 63. Kb5 Nd5 64. Kc6 Ne7+ 65. Kb6
Nc8+ 66. Kb5 Nd6+ 67. Kc6 Nf5 68. Rd2 Ne7+ 69. Kb6 Nc8+ 70. Kb5 Rh7 71. d5 Nd6+
72. Kc6 Nc4 73. Re2 Ne5+ 74. Kd6 Kf5 75. Rf2+ Nf3 76. h4 gxh3 77. Rxf3+ Kg4 78.
Rf1 f5 79. Ke5 h2 80. Nd3 Kxg3 81. d6 1/2-1/2

[Event "V Torneo Internazionale"]
[Site "Montecatini Terme ITA"]
[Date "2000.01.30"]
[Round "2"]
[White "Costantini, Roberto"]
[Black "Naumkin, Igor"]
[Result "0-1"]
[WhiteElo "2241"]
[BlackElo "2498"]
[PlyCount "76"]
[EventDate "2000.01.29"]

1. e4 e6 2. d4 d5 3. Nc3 Bb4 4. e5 c5 5. Bd2 Ne7 6. a3 Bxc3 7. Bxc3 b6 8. Bb5+
Nbc6 9. f4 Bd7 10. Bd3 cxd4 11. Bd2 O-O 12. Nf3 f6 13. O-O h6 14. Qe2 Qc7 15.
Rfe1 fxe5 16. fxe5 Nf5 17. b4 Qd8 18. b5 Na5 19. Bxf5 Rxf5 20. Nxd4 Rf7 21. Qg4
Kh7 22. Rf1 Qe8 23. Bxa5 bxa5 24. Qh4 Rxf1+ 25. Rxf1 Bxb5 26. Rb1 Bd7 27. Qe1
Rb8 28. Nf3 Rb6 29. Rc1 a4 30. Rb1 Qc8 31. Rxb6 Qc5+ 32. Kf1 axb6 33. Qc1 Bb5+
34. Ke1 Qc3+ 35. Kf2 Bd3 36. Ne1 Be4 37. Qe3 Qb2 38. Qd2 Qxa3 0-1

[Event "V Torneo Internazionale"]
[Site "Montecatini Terme ITA"]
[Date "2000.01.30"]
[Round "2"]
[White "Skembris, Spyridon"]
[Black "Beggi, Pierluigi"]
[Result "1-0"]
[WhiteElo "2481"]
[BlackElo "2149"]
[PlyCount "69"]
[EventDate "2000.01.29"]

1. d4 Nf6 2. c4 g6 3. Nc3 d5 4. cxd5 Nxd5 5. Bd2 Bg7 6. e4 Nb6 7. Be3 O-O 8. h3
Be6 9. d5 Bd7 10. a4 e6 11. a5 Nc8 12. Nf3 exd5 13. exd5 Nd6 14. Be2 Nf5 15.
Bc5 Re8 16. O-O Nh4 17. Bd4 Bf8 18. Re1 Nf5 19. Be5 f6 20. Bh2 Bd6 21. Qb3 Na6
22. Bxa6 bxa6 23. Qc4 Bb5 24. Nxb5 axb5 25. Qxb5 Bxh2+ 26. Nxh2 Nd6 27. Qc6 Rb8
28. Rxe8+ Nxe8 29. Re1 Nd6 30. Re2 Kg7 31. Nf3 Rb4 32. Ng5 Kh6 33. Qc3 Ra4 34.
b3 Ra3 35. Ne6 1-0

[Event "V Torneo Internazionale"]
[Site "Montecatini Terme ITA"]
[Date "2000.01.30"]
[Round "2"]
[White "Wagman, Stuart"]
[Black "Trabert, Bettina"]
[Result "1-0"]
[WhiteElo "2188"]
[BlackElo "2273"]
[PlyCount "73"]
[EventDate "2000.01.29"]

1. e4 e5 2. Nf3 Nc6 3. Nc3 Nf6 4. Bb5 Bb4 5. O-O O-O 6. d3 Bxc3 7. bxc3 d6 8.
Bg5 Qe7 9. Re1 Nd8 10. d4 Ne6 11. Bc1 Rd8 12. Bf1 c5 13. g3 Ne8 14. d5 Nf8 15.
Nh4 g6 16. Ng2 Ng7 17. f4 Nd7 18. c4 Re8 19. Bb2 Qd8 20. Bd3 f6 21. Qd2 Nb6 22.
Rf1 Bd7 23. Rf2 Na4 24. Ba3 f5 25. fxe5 Rxe5 26. exf5 Nxf5 27. Raf1 Qe7 28. Bc1
Re8 29. Qa5 a6 30. Bf4 Re4 31. Bxe4 Qxe4 32. Qd2 Qxc4 33. Ne3 Nxe3 34. Bxe3 Nc3
35. Bh6 Bf5 36. Rxf5 gxf5 37. Qg5+ 1-0

[Event "V Torneo Internazionale"]
[Site "Montecatini Terme ITA"]
[Date "2000.01.31"]
[Round "3"]
[White "Aldrovandi, Costantino"]
[Black "Skembris, Spyridon"]
[Result "0-1"]
[WhiteElo "2328"]
[BlackElo "2481"]
[PlyCount "56"]
[EventDate "2000.01.29"]

1. c4 e5 2. d3 Nc6 3. Nc3 Nf6 4. g3 d5 5. cxd5 Nxd5 6. Bg2 Be6 7. Nf3 Be7 8.
O-O O-O 9. a3 Re8 10. Bd2 h6 11. Rc1 Bf8 12. Na4 Qf6 13. Nc5 Bxc5 14. Rxc5 Rad8
15. Qa4 Nb6 16. Qc2 Bd5 17. e4 Be6 18. Bc3 Bg4 19. Nxe5 Nxe5 20. Rxe5 Rxe5 21.
f4 Rc5 22. Bxf6 Rxc2 23. Bxd8 Be2 24. Rf2 Rc1+ 25. Bf1 Bxd3 26. Rf3 Bxe4 27.
Rc3 Rd1 28. Re3 f5 0-1

[Event "V Torneo Internazionale"]
[Site "Montecatini Terme ITA"]
[Date "2000.01.31"]
[Round "3"]
[White "Beggi, Pierluigi"]
[Black "Costantini, Roberto"]
[Result "1/2-1/2"]
[WhiteElo "2149"]
[BlackElo "2241"]
[PlyCount "85"]
[EventDate "2000.01.29"]

1. Nf3 Nf6 2. g3 d5 3. Bg2 Bg4 4. c4 c6 5. Qb3 Qc8 6. Nc3 e6 7. d4 Be7 8. Ne5
Bf5 9. cxd5 exd5 10. e4 Nxe4 11. Bxe4 Bxe4 12. Nxe4 f6 13. Nxc6 bxc6 14. Nc3
Nd7 15. Be3 O-O 16. Rc1 Nb6 17. O-O Nc4 18. Qc2 Qh3 19. b3 Nb6 20. Qe2 Bd6 21.
Qf3 f5 22. Bf4 Rf6 23. Ne2 Ba3 24. Rc2 Rc8 25. Bg5 Rf7 26. Nf4 Qg4 27. Qxg4
fxg4 28. Nd3 Rf5 29. Be3 Nd7 30. b4 Nb6 31. Bc1 Bxc1 32. Rfxc1 Nc4 33. Nb2 Nxb2
34. Rxb2 Rf3 35. b5 Rd3 36. Rb4 Rd2 37. bxc6 Rxa2 38. c7 Re2 39. Ra4 Re7 40.
Rxa7 Kf7 41. Kf1 Re4 42. Rb7 Ke7 43. Rb4 1/2-1/2

[Event "V Torneo Internazionale"]
[Site "Montecatini Terme ITA"]
[Date "2000.01.31"]
[Round "3"]
[White "Mola, Pietro"]
[Black "Vezzosi, Paolo"]
[Result "0-1"]
[WhiteElo "2234"]
[BlackElo "2360"]
[PlyCount "102"]
[EventDate "2000.01.29"]

1. d4 Nf6 2. Nf3 e6 3. Bg5 c5 4. e3 Be7 5. Nbd2 b6 6. Bd3 O-O 7. O-O Ba6 8.
Bxa6 Nxa6 9. Qe2 Qc8 10. Nc4 cxd4 11. exd4 Nb4 12. c3 Nbd5 13. Ne3 Qb7 14. Rfe1
h6 15. Bh4 Nf4 16. Qf1 d6 17. Nd2 b5 18. Bxf6 Bxf6 19. g3 Nd5 20. Nxd5 Qxd5 21.
a3 a5 22. Qg2 Qxg2+ 23. Kxg2 d5 24. Kf3 a4 25. Ke3 g5 26. f4 Kg7 27. Rh1 Be7
28. Raf1 g4 29. h4 h5 30. Re1 Bd6 31. Kf2 Rfc8 32. Nb1 Rc7 33. Rhf1 Re7 34. Re2
f6 35. Kg2 Rf8 36. Rfe1 Rfe8 37. Nd2 e5 38. f5 Bc7 39. b3 Kf7 40. bxa4 exd4 41.
Rxe7+ Rxe7 42. Rxe7+ Kxe7 43. cxd4 bxa4 44. Kf2 Kd7 45. Nb1 Ba5 46. Ke2 Kc6 47.
Kd3 Bc7 48. Nc3 Bxg3 49. Nxa4 Bxh4 50. Ke2 Bg3 51. Kf1 Bd6 0-1

[Event "V Torneo Internazionale"]
[Site "Montecatini Terme ITA"]
[Date "2000.01.31"]
[Round "3"]
[White "Naumkin, Igor"]
[Black "Wagman, Stuart"]
[Result "1/2-1/2"]
[WhiteElo "2498"]
[BlackElo "2188"]
[PlyCount "47"]
[EventDate "2000.01.29"]

1. d4 d5 2. c4 c6 3. Nc3 Nf6 4. Nf3 e6 5. Bg5 h6 6. Bxf6 Qxf6 7. e3 Nd7 8. Bd3
g6 9. O-O Bg7 10. e4 dxc4 11. e5 Qe7 12. Bxc4 O-O 13. Re1 b5 14. Bb3 Bb7 15.
Rc1 Rfd8 16. Ne4 c5 17. Nxc5 Nxc5 18. Rxc5 Qxc5 19. dxc5 Rxd1 20. Bxd1 b4 21.
Ba4 Rc8 22. c6 Bxc6 23. Bxc6 Rxc6 24. Kf1 1/2-1/2

[Event "V Torneo Internazionale"]
[Site "Montecatini Terme ITA"]
[Date "2000.01.31"]
[Round "3"]
[White "Trabert, Bettina"]
[Black "Passerotti, Pierluigi"]
[Result "1-0"]
[WhiteElo "2273"]
[BlackElo "2278"]
[PlyCount "68"]
[EventDate "2000.01.29"]

1. e4 c5 2. Nf3 d6 3. c3 Nf6 4. h3 g6 5. Bd3 Bg7 6. Bc2 Nc6 7. O-O O-O 8. Re1
e5 9. d3 h6 10. Be3 b6 11. d4 Nh5 12. dxc5 dxc5 13. Na3 Qe7 14. Bb3 Be6 15. Bd5
Rad8 16. Qa4 Nb8 17. Rad1 Nf4 18. Bxf4 exf4 19. Bxe6 fxe6 20. e5 g5 21. Qe4 Qc7
22. Nb5 Qc6 23. Qc4 Rd5 24. a4 a6 25. Na3 Rfd8 26. Qb3 Rxd1 27. Rxd1 Rxd1+ 28.
Qxd1 Qd5 29. Qe2 Nd7 30. Qxa6 Nxe5 31. Nxe5 Bxe5 32. Qe2 Bc7 33. Nc4 Kg7 34. f3
Kf7 1-0

[Event "V Torneo Internazionale"]
[Site "Montecatini Terme ITA"]
[Date "2000.02.01"]
[Round "4"]
[White "Costantini, Roberto"]
[Black "Aldrovandi, Costantino"]
[Result "0-1"]
[WhiteElo "2241"]
[BlackElo "2328"]
[PlyCount "40"]
[EventDate "2000.01.29"]

1. e4 c5 2. Nf3 d6 3. d4 cxd4 4. Nxd4 Nf6 5. Nc3 g6 6. Be3 Bg7 7. f3 Nc6 8. Qd2
O-O 9. O-O-O Nxd4 10. Bxd4 Be6 11. Kb1 Qc7 12. g4 Rfc8 13. h4 Qa5 14. a3 Rab8
15. Bd3 b5 16. Bxf6 Bxf6 17. Nd5 b4 18. Nxf6+ exf6 19. g5 Qa4 20. b3 bxa3 0-1

[Event "V Torneo Internazionale"]
[Site "Montecatini Terme ITA"]
[Date "2000.02.01"]
[Round "4"]
[White "Mola, Pietro"]
[Black "Trabert, Bettina"]
[Result "1/2-1/2"]
[WhiteElo "2234"]
[BlackElo "2273"]
[PlyCount "175"]
[EventDate "2000.01.29"]

1. e4 e5 2. Nf3 Nc6 3. Bb5 a6 4. Bxc6 dxc6 5. O-O Qd6 6. Na3 Be6 7. Ng5 Bd7 8.
d3 f6 9. Nc4 Qe7 10. Nf3 O-O-O 11. Qe2 Be6 12. Nfd2 Qd7 13. Nb3 c5 14. Be3 b6
15. a4 g5 16. Rfd1 Qc6 17. Ncd2 Be7 18. c3 Kb7 19. f3 f5 20. a5 b5 21. c4 f4
22. Bf2 b4 23. g4 h5 24. h3 Nf6 25. Kg2 Nd7 26. Rh1 Bf7 27. Nf1 hxg4 28. fxg4
Rh6 29. Nh2 Rdh8 30. Nf3 Qg6 31. Rh2 Be6 32. Rah1 Qg7 33. Qe1 Ka8 34. Qa1 Bf7
35. Qa4 Be8 36. Qa1 Rc6 37. Kf1 Nf8 38. Ke2 Ne6 39. Qg1 Nd4+ 40. Nfxd4 cxd4 41.
Be1 Rch6 42. Kd2 c5 43. Bf2 R8h7 44. Ke2 Qh8 45. Qg2 Bd7 46. Nd2 Qd8 47. Ra1
Qc8 48. Nf3 Qh8 49. Ng1 Bd8 50. Be1 Bc7 51. Bf2 Ka7 52. Be1 Qd8 53. Nf3 Rg6 54.
h4 gxh4 55. Rxh4 Rxh4 56. Bxh4 Qe8 57. g5 Qg8 58. Kf2 Qe6 59. Ke2 Qg4 60. Qxg4
Bxg4 61. Kf2 Kb7 62. Rg1 Be6 63. Nh2 Bxa5 64. Ng4 Bc7 65. Nf6 Bd8 66. Nd5 Kc6
67. Ra1 a5 68. Rxa5 Bxg5 69. Ne7+ Bxe7 70. Bxe7 Rh6 71. Rxc5+ Kd7 72. Bf8 Rh2+
73. Kf3 Rh3+ 74. Kf2 Rxd3 75. Rxe5 Rd2+ 76. Ke1 Rxb2 77. c5 Rc2 78. c6+ Rxc6
79. Bxb4 Rc4 80. Bd2 f3 81. Rb5 Rc2 82. Rb4 f2+ 83. Kxf2 Rxd2+ 84. Ke1 Rd3 85.
Ke2 Re3+ 86. Kd2 Rxe4 87. Kd3 Rh4 88. Rxd4+ 1/2-1/2

[Event "V Torneo Internazionale"]
[Site "Montecatini Terme ITA"]
[Date "2000.02.01"]
[Round "4"]
[White "Passerotti, Pierluigi"]
[Black "Naumkin, Igor"]
[Result "0-1"]
[WhiteElo "2278"]
[BlackElo "2498"]
[PlyCount "86"]
[EventDate "2000.01.29"]

1. Nf3 Nf6 2. c4 e6 3. Nc3 Bb4 4. Qb3 a5 5. a3 Bxc3 6. Qxc3 O-O 7. b3 d6 8. e3
e5 9. Be2 Bg4 10. Bb2 c5 11. d3 Nc6 12. h3 Bh5 13. O-O Qe7 14. Rfe1 Rfe8 15.
Rac1 Rac8 16. Nd2 Bxe2 17. Rxe2 b6 18. Rce1 Qd7 19. Nf3 h6 20. Qc2 d5 21. d4
cxd4 22. exd4 e4 23. Ne5 Qf5 24. Qb1 Red8 25. f3 Ne7 26. fxe4 Nxe4 27. cxd5 Ng3
28. Rf2 Qxb1 29. Rxb1 f6 30. d6 Nd5 31. Nc4 a4 32. Nd2 axb3 33. Nxb3 Ne4 34.
Rff1 Rxd6 35. Rbc1 Re8 36. Rfe1 Rde6 37. Rc2 f5 38. Bc1 f4 39. Rce2 g5 40. Nd2
Ndc3 41. Rxe4 Nxe4 42. d5 R6e7 43. Nc4 b5 0-1

[Event "V Torneo Internazionale"]
[Site "Montecatini Terme ITA"]
[Date "2000.02.01"]
[Round "4"]
[White "Vezzosi, Paolo"]
[Black "Skembris, Spyridon"]
[Result "1/2-1/2"]
[WhiteElo "2360"]
[BlackElo "2481"]
[PlyCount "99"]
[EventDate "2000.01.29"]

1. d4 d5 2. Nf3 Nc6 3. Bf4 Bg4 4. e3 e6 5. c4 Bb4+ 6. Nc3 Nge7 7. Rc1 O-O 8. h3
Bxf3 9. Qxf3 e5 10. dxe5 d4 11. exd4 Qxd4 12. Be2 Ng6 13. Be3 Qxe5 14. O-O Bd6
15. g3 Bc5 16. Bxc5 Qxc5 17. Rfd1 Nd4 18. Qd3 Nxe2+ 19. Nxe2 Qe7 20. Nc3 c6 21.
Qe4 Qb4 22. b3 Rae8 23. Qd4 Qa5 24. Kg2 h6 25. Rd3 Rd8 26. Qe3 Rxd3 27. Qxd3
Qg5 28. Qe3 Qxe3 29. fxe3 Rd8 30. Rd1 Rxd1 31. Nxd1 Ne5 32. Kf2 Kf8 33. Ke2 Ke7
34. Nc3 h5 35. Ne4 b6 36. Nd2 Ke6 37. a3 f6 38. Ne4 g5 39. Nd2 c5 40. Ne4 Nc6
41. Kd3 Ke5 42. Nd2 g4 43. hxg4 hxg4 44. Ne4 Na5 45. Nf2 f5 46. b4 cxb4 47.
axb4 Nc6 48. b5 Na5 49. Kc3 Nb7 50. e4 1/2-1/2

[Event "V Torneo Internazionale"]
[Site "Montecatini Terme ITA"]
[Date "2000.02.01"]
[Round "4"]
[White "Wagman, Stuart"]
[Black "Beggi, Pierluigi"]
[Result "1/2-1/2"]
[WhiteElo "2188"]
[BlackElo "2149"]
[PlyCount "25"]
[EventDate "2000.01.29"]

1. e4 e5 2. Nf3 Nc6 3. Bb5 a6 4. Ba4 Nf6 5. O-O Be7 6. Re1 b5 7. Bb3 d6 8. c3
O-O 9. h3 h6 10. d4 Re8 11. dxe5 Nxe5 12. Nxe5 dxe5 13. Qxd8 1/2-1/2

[Event "V Torneo Internazionale"]
[Site "Montecatini Terme ITA"]
[Date "2000.02.02"]
[Round "5"]
[White "Naumkin, Igor"]
[Black "Mola, Pietro"]
[Result "1/2-1/2"]
[WhiteElo "2498"]
[BlackElo "2234"]
[PlyCount "44"]
[EventDate "2000.01.29"]

1. d4 Nf6 2. Nf3 e6 3. c4 b6 4. g3 Bb7 5. Bg2 c5 6. d5 exd5 7. Nh4 g6 8. O-O
Bg7 9. Nc3 O-O 10. cxd5 d6 11. Rb1 Nbd7 12. b4 Re8 13. Bf4 Ne5 14. bxc5 dxc5
15. Bxe5 Rxe5 16. e4 Re8 17. f4 Ng4 18. Qxg4 Bxc3 19. Kh1 Qc8 20. Qd1 Ba6 21.
Rf3 Bd4 22. e5 Bc4 1/2-1/2

[Event "V Torneo Internazionale"]
[Site "Montecatini Terme ITA"]
[Date "2000.02.02"]
[Round "5"]
[White "Skembris, Spyridon"]
[Black "Costantini, Roberto"]
[Result "1-0"]
[WhiteElo "2481"]
[BlackElo "2241"]
[PlyCount "76"]
[EventDate "2000.01.29"]

1. d4 Nf6 2. c4 c5 3. d5 b5 4. cxb5 a6 5. e3 g6 6. Nc3 Bg7 7. a4 Bb7 8. e4 O-O
9. e5 Ne8 10. Nf3 d6 11. Bf4 Nd7 12. bxa6 Bxa6 13. Bxa6 Rxa6 14. Qe2 Rb6 15.
O-O dxe5 16. Nxe5 Nxe5 17. Bxe5 Bxe5 18. Qxe5 Nd6 19. Rfe1 Rb7 20. Ne4 Nxe4 21.
Rxe4 Rd7 22. h3 Qb8 23. Qc3 Qa7 24. Qe3 Rb8 25. Qh6 Rxd5 26. Rh4 Rh5 27. Rxh5
gxh5 28. Qg5+ Kh8 29. Qxh5 f6 30. Re1 e5 31. Qf5 Qg7 32. Rc1 Qe7 33. b3 Rxb3
34. Qc8+ Kg7 35. Rxc5 Rb1+ 36. Kh2 Rb7 37. Qg4+ Kf7 38. Rc8 Qd7 1-0

[Event "V Torneo Internazionale"]
[Site "Montecatini Terme ITA"]
[Date "2000.02.02"]
[Round "5"]
[White "Trabert, Bettina"]
[Black "Vezzosi, Paolo"]
[Result "0-1"]
[WhiteElo "2273"]
[BlackElo "2360"]
[PlyCount "56"]
[EventDate "2000.01.29"]

1. e4 c5 2. c3 d6 3. d4 Nf6 4. Bd3 Nc6 5. Nf3 e5 6. dxc5 d5 7. exd5 Qxd5 8. Qe2
Bg4 9. Nbd2 Bxc5 10. Bc4 Qd8 11. O-O O-O 12. Ne4 Be7 13. h3 Bh5 14. Ng3 Bg6 15.
Nxe5 Nxe5 16. Qxe5 Bd6 17. Qg5 Qc7 18. Bb3 Rae8 19. Bd2 Nd7 20. Rfe1 Nc5 21.
Rxe8 Rxe8 22. Re1 Rxe1+ 23. Bxe1 Nd3 24. Qd2 Qc5 25. Nf1 Qe5 26. Ne3 Qh2+ 27.
Kf1 Nf4 28. f3 Bd3+ 0-1

[Event "V Torneo Internazionale"]
[Site "Montecatini Terme ITA"]
[Date "2000.02.03"]
[Round "6"]
[White "Vezzosi, Paolo"]
[Black "Costantini, Roberto"]
[Result "1-0"]
[WhiteElo "2360"]
[BlackElo "2241"]
[PlyCount "81"]
[EventDate "2000.01.29"]

1. d4 Nf6 2. Nf3 e6 3. c4 c5 4. d5 b5 5. Bg5 exd5 6. cxd5 h6 7. Bxf6 Qxf6 8.
Qc2 d6 9. e4 a6 10. a4 b4 11. h3 g6 12. Nbd2 Bg7 13. Rb1 Nd7 14. a5 O-O 15. Nc4
Re8 16. Bd3 Bb7 17. O-O g5 18. Rfe1 Rad8 19. Re3 h5 20. Nh2 Qh6 21. Nf3 Qf6 22.
Qd1 Nf8 23. Nfd2 Qh6 24. Be2 Bd4 25. Rd3 Ng6 26. Rxd4 cxd4 27. Bxh5 Nf4 28. Bg4
Bc8 29. Nb6 Bxg4 30. Qxg4 d3 31. g3 Ne2+ 32. Kg2 Nd4 33. h4 Qg6 34. hxg5 Kg7
35. Rh1 Rh8 36. Rh4 Rde8 37. Nd7 Re7 38. Nf6 Rc7 39. Rxh8 Kxh8 40. Qh4+ Kg7 41.
Ne8+ 1-0

[Event "V Torneo Internazionale"]
[Site "Montecatini Terme ITA"]
[Date "2000.02.03"]
[Round "6"]
[White "Wagman, Stuart"]
[Black "Skembris, Spyridon"]
[Result "0-1"]
[WhiteElo "2188"]
[BlackElo "2481"]
[PlyCount "54"]
[EventDate "2000.01.29"]

1. e4 e5 2. Nf3 Nc6 3. Nc3 Nf6 4. Bb5 Bb4 5. O-O O-O 6. d3 Bxc3 7. bxc3 d6 8.
Bg5 Qe7 9. d4 Nd8 10. d5 h6 11. Bh4 c6 12. Bd3 Bg4 13. h3 Bxf3 14. Qxf3 g5 15.
Bg3 Kg7 16. c4 Nd7 17. Qg4 Nf6 18. Qe2 b6 19. f4 exf4 20. Bxf4 gxf4 21. Rxf4
Rh8 22. e5 Qxe5 23. Qf1 Re8 24. Rd1 cxd5 25. cxd5 Qe3+ 26. Kh2 Nxd5 27. Rg4+
Kf8 0-1

[Event "V Torneo Internazionale"]
[Site "Montecatini Terme ITA"]
[Date "2000.02.04"]
[Round "7"]
[White "Aldrovandi, Costantino"]
[Black "Mola, Pietro"]
[Result "1-0"]
[WhiteElo "2328"]
[BlackElo "2234"]
[PlyCount "105"]
[EventDate "2000.01.29"]

1. c4 c5 2. Nf3 Nc6 3. b3 e6 4. Bb2 Nf6 5. g3 Be7 6. Bg2 O-O 7. O-O d5 8. Ne5
Nxe5 9. Bxe5 Bd7 10. d3 Bc6 11. Nd2 Rc8 12. a3 Nd7 13. Bb2 Bf6 14. Qb1 Bxb2 15.
Qxb2 Qf6 16. Rfb1 b6 17. b4 d4 18. Bxc6 Rxc6 19. b5 Rc7 20. a4 h5 21. Qc1 Qe5
22. Ne4 Nf6 23. Qg5 Qxg5 24. Nxg5 Nh7 25. Nxh7 Kxh7 26. a5 bxa5 27. Rxa5 Rd8
28. Rba1 Rdd7 29. Ra6 Kg6 30. R1a5 Kf6 31. Rc6 Ke7 32. Raa6 Kd8 33. Kg2 Rxc6
34. Rxc6 Rc7 35. Ra6 Kd7 36. f4 Ke7 37. Kh3 Kf6 38. Kh4 g6 39. Kh3 Ke7 40. Kg2
Kd7 41. Kf3 Ke7 42. Ke4 Kd7 43. Ke5 Ke7 44. h3 f6+ 45. Ke4 Kf7 46. g4 h4 47. g5
Ke7 48. gxf6+ Kxf6 49. Kf3 Rg7 50. Kg4 Rh7 51. Rc6 Rh5 52. Rc7 e5 53. Rxc5 1-0

[Event "V Torneo Internazionale"]
[Site "Montecatini Terme ITA"]
[Date "2000.02.04"]
[Round "7"]
[White "Costantini, Roberto"]
[Black "Wagman, Stuart"]
[Result "1/2-1/2"]
[WhiteElo "2241"]
[BlackElo "2188"]
[PlyCount "41"]
[EventDate "2000.01.29"]

1. e4 e5 2. Nf3 Nc6 3. Bb5 Nf6 4. O-O Nxe4 5. d4 Nd6 6. Bxc6 dxc6 7. dxe5 Nf5
8. Qxd8+ Kxd8 9. Nc3 Ke8 10. h3 Bb4 11. Ne4 Be6 12. c3 Be7 13. Re1 h5 14. Bg5
a5 15. b3 b6 16. c4 a4 17. g3 Bxg5 18. Nexg5 c5 19. Nxe6 fxe6 20. Red1 Ke7 21.
Kg2 1/2-1/2

[Event "V Torneo Internazionale"]
[Site "Montecatini Terme ITA"]
[Date "2000.02.04"]
[Round "7"]
[White "Naumkin, Igor"]
[Black "Vezzosi, Paolo"]
[Result "1/2-1/2"]
[WhiteElo "2498"]
[BlackElo "2360"]
[PlyCount "61"]
[EventDate "2000.01.29"]

1. d4 Nf6 2. Nf3 e6 3. c4 b6 4. g3 Bb7 5. Bg2 Be7 6. Nc3 Ne4 7. Bd2 f5 8. d5
Bf6 9. Qc2 Nxc3 10. Bxc3 Bxc3+ 11. Qxc3 O-O 12. Rd1 Qe7 13. O-O Na6 14. Nd4 Qf6
15. b4 e5 16. Nb3 e4 17. Qxf6 Rxf6 18. a3 Re8 19. f3 exf3 20. Bxf3 Re3 21. Rd3
Rxd3 22. exd3 g6 23. Re1 Kf7 24. c5 c6 25. cxb6 axb6 26. Rc1 Ke8 27. Kf2 Kd8
28. dxc6 Bxc6 29. Nd4 Bxf3 30. Kxf3 Nc7 31. h4 1/2-1/2

[Event "V Torneo Internazionale"]
[Site "Montecatini Terme ITA"]
[Date "2000.02.04"]
[Round "7"]
[White "Skembris, Spyridon"]
[Black "Passerotti, Pierluigi"]
[Result "1-0"]
[WhiteElo "2481"]
[BlackElo "2278"]
[PlyCount "133"]
[EventDate "2000.01.29"]

1. d4 f5 2. g3 Nf6 3. Bg2 g6 4. Nf3 Bg7 5. O-O O-O 6. b3 d6 7. Bb2 Qe8 8. Nbd2
Nc6 9. Nc4 Kh8 10. a4 h6 11. d5 Nb4 12. Bxf6 Bxf6 13. Qd2 Nxd5 14. Qxd5 Bxa1
15. Rxa1 e5 16. Ne1 Qe7 17. Qd2 Kh7 18. a5 a6 19. Rd1 Rb8 20. e4 f4 21. gxf4
Rxf4 22. Nd3 Rf7 23. f4 exf4 24. Nxf4 Bg4 25. Nd5 Qe6 26. Re1 Re8 27. h3 Bxh3
28. Nf4 Rxf4 29. Qxf4 Bxg2 30. Kxg2 d5 31. Nd2 Re7 32. c4 c6 33. Re3 g5 34. Qg3
g4 35. Qf4 d4 36. Rg3 h5 37. Qg5 Qe5 38. Qxe5 Rxe5 39. Rd3 Kg6 40. b4 Kg5 41.
Rxd4 Kf4 42. c5 h4 43. Rd7 Rh5 44. Rg7 g3 45. Kh3 Ke3 46. Nc4+ Kxe4 47. Nd6+
Kd3 48. Nxb7 Kc3 49. Rg4 Rh8 50. Nd6 Kb3 51. Nf5 Ka4 52. Nd6 Kb3 53. Nf7 Rh7
54. Ne5 Rh6 55. b5 cxb5 56. c6 Rh8 57. Rxh4 g2 58. Nf3 g1=Q 59. Nxg1 Rc8 60.
Nf3 Kc3 61. Ne5 Rc7 62. Kg3 b4 63. Rc4+ Kb3 64. Kf4 Ka4 65. Rc5 b3 66. Nd3 Ka3
67. Ke5 1-0

[Event "V Torneo Internazionale"]
[Site "Montecatini Terme ITA"]
[Date "2000.02.05"]
[Round "8"]
[White "Mola, Pietro"]
[Black "Skembris, Spyridon"]
[Result "1/2-1/2"]
[WhiteElo "2234"]
[BlackElo "2481"]
[PlyCount "21"]
[EventDate "2000.01.29"]

1. e4 e5 2. d4 exd4 3. Qxd4 Nc6 4. Qe3 Nf6 5. e5 Nd5 6. Qe4 Nb6 7. Nf3 Qe7 8.
Nc3 d6 9. Bg5 f6 10. exf6 Qxe4+ 11. Nxe4 1/2-1/2

[Event "V Torneo Internazionale"]
[Site "Montecatini Terme ITA"]
[Date "2000.02.05"]
[Round "8"]
[White "Passerotti, Pierluigi"]
[Black "Costantini, Roberto"]
[Result "1/2-1/2"]
[WhiteElo "2278"]
[BlackElo "2241"]
[PlyCount "39"]
[EventDate "2000.01.29"]

1. d4 Nf6 2. Nf3 c5 3. e3 b6 4. c4 e6 5. Nc3 Bb7 6. Bd3 d6 7. O-O Nbd7 8. b3 g6
9. Bb2 Bg7 10. Qe2 O-O 11. Rad1 a6 12. Bb1 Qc7 13. e4 cxd4 14. Nxd4 Rfe8 15.
Rfe1 Rac8 16. f4 e5 17. fxe5 Nxe5 18. h3 Rcd8 19. Qf2 Nc6 20. Nd5 1/2-1/2

[Event "V Torneo Internazionale"]
[Site "Montecatini Terme ITA"]
[Date "2000.02.05"]
[Round "8"]
[White "Trabert, Bettina"]
[Black "Aldrovandi, Costantino"]
[Result "0-1"]
[WhiteElo "2273"]
[BlackElo "2328"]
[PlyCount "139"]
[EventDate "2000.01.29"]

1. e4 c5 2. c3 d5 3. exd5 Qxd5 4. d4 Nf6 5. Nf3 Bg4 6. Be2 e6 7. O-O Nc6 8. h3
Bh5 9. Be3 cxd4 10. cxd4 Be7 11. Nc3 Qd6 12. Qb3 O-O 13. Rfd1 Rfd8 14. a3 a6
15. Rac1 b5 16. Qa2 Rac8 17. b4 h6 18. Qd2 Bg6 19. Bf4 Qd7 20. Qe3 Nd5 21. Nxd5
Qxd5 22. Rc3 Qd7 23. Kh1 Bh7 24. Rdc1 Bg6 25. Kh2 Bd6 26. Bxd6 Qxd6+ 27. Kh1
Bf5 28. Rc5 Ne7 29. Ne5 Rb8 30. Rd1 f6 31. Nf3 Nd5 32. Qb3 Kh8 33. Rdc1 Nf4 34.
Bf1 Be4 35. Qe3 Bxf3 36. Qxf3 Qxd4 37. g3 Nd3 38. Bxd3 Qxd3 39. Qg4 f5 40. Qf4
Kh7 41. Rc7 Qd5+ 42. Kh2 Qd2 43. R1c6 Qxf4 44. gxf4 Re8 45. Rxa6 Ra8 46. Raa7
Rxa7 47. Rxa7 Kg6 48. Kg2 Kf6 49. Rb7 Ra8 50. Rxb5 Rxa3 51. h4 g5 52. hxg5+
hxg5 53. fxg5+ Kxg5 54. Rb8 Kf4 55. b5 e5 56. b6 Rb3 57. b7 e4 58. Kh2 Rb2 59.
Kg1 Rb5 60. Kg2 Rb6 61. Kh2 Rb1 62. Kg2 Rb5 63. Kh2 Rb4 64. Kg2 Rb2 65. Kg1
Rb1+ 66. Kg2 Rb6 67. Kh2 Rh6+ 68. Kg2 Rg6+ 69. Kh2 Rg7 70. Kh1 0-1

[Event "V Torneo Internazionale"]
[Site "Montecatini Terme ITA"]
[Date "2000.02.06"]
[Round "9"]
[White "Skembris, Spyridon"]
[Black "Trabert, Bettina"]
[Result "1/2-1/2"]
[WhiteElo "2481"]
[BlackElo "2273"]
[PlyCount "20"]
[EventDate "2000.01.29"]

1. d4 Na6 2. e4 c6 3. Nc3 Nc7 4. Be3 d6 5. Qd2 g6 6. h4 h5 7. f3 Bg7 8. Nh3
Bxh3 9. Rxh3 Nf6 10. Be2 Qd7 1/2-1/2

[Event "V Torneo Internazionale"]
[Site "Montecatini Terme ITA"]
[Date "2000.02.06"]
[Round "9"]
[White "Wagman, Stuart"]
[Black "Passerotti, Pierluigi"]
[Result "0-1"]
[WhiteElo "2188"]
[BlackElo "2278"]
[PlyCount "52"]
[EventDate "2000.01.29"]

1. e4 c5 2. Nf3 Nc6 3. d4 cxd4 4. Nxd4 g6 5. Be2 Bg7 6. Nb3 Nf6 7. Nc3 O-O 8.
O-O d6 9. Bg5 Be6 10. Rb1 a6 11. f4 b5 12. Bf3 a5 13. Kh1 a4 14. Nc1 Qb6 15.
Nd5 Bxd5 16. exd5 Nd4 17. Bh4 Nxf3 18. Qxf3 Rfc8 19. c3 a3 20. bxa3 Rxa3 21.
Rb3 Qa5 22. c4 Rxb3 23. Nxb3 Qa4 24. cxb5 Qxb5 25. Re1 Nxd5 26. h3 e6 0-1